MACHINE DESIGN (Record no. 569997)

000 -LEADER
fixed length control field 00266nam a22001217a 4500
082 ## - DEWEY DECIMAL CLASSIFICATION NUMBER
Classification number 621.815 BLA'M
100 ## - MAIN ENTRY--PERSONAL NAME
Personal name ADAMS, O. E,BLACK, P. H
9 (RLIN) 60206
245 ## - TITLE STATEMENT
Title MACHINE DESIGN
250 ## - EDITION STATEMENT
Edition statement 3RD
260 ## - PUBLICATION, DISTRIBUTION, ETC.
Place of publication, distribution, etc. TOKYO
Name of publisher, distributor, etc. MCGRAW HILL
Date of publication, distribution, etc. 1968
300 ## - PHYSICAL DESCRIPTION
Extent 678P
942 ## - ADDED ENTRY ELEMENTS (KOHA)
Koha item type Book
Holdings
Withdrawn status Lost status Damaged status Not for loan Permanent Location Current Location Shelving location Date acquired Total Checkouts Full call number Barcode Date last seen Price effective from Koha item type
        College of Electrical & Mechanical Engineering (CEME) College of Electrical & Mechanical Engineering (CEME) General Stacks 07/19/2017   621.815 BLA'M CEME-589 06/28/2021 06/28/2021 Book
© 2023 Central Library, National University of Sciences and Technology. All Rights Reserved.